MDQL
is popping MORE tags! Check the
thread
!
Quizzes
Events
Quiz Creation
Community
Videos
Private Events
Remove Ads
Sign In
Join for FREE
Feedback
Dark Mode
Quiz Categories
Sports
Geography
Music
Movies
Television
Just For Fun
Miscellaneous
History
Literature
Language
Science
Gaming
Entertainment
Religion
Holiday
For Kids
Quiz Lab
Recent
Popular Today
Quiz Kudos Today
Editor Picks
Curator Picks
Quizzes by...
Day
Popularity
Type
Ratings
Length
Year
Community
Subscriptions
Recent Discussions
Orange Saloon
Badges
Playlists
Quests
Create
Leaderboards
Showdown
Live 5
Trivia Bingo
Activity
Puzzle Library
Sporcle Events
Private Events
Virtual Trivia
Globe League
Become a Host
Pub Owners
SporcleCon
Opinionation
Our Games
Videos
Blog
Mobile Apps
Partnerships
Remove Ads and Go Orange
Feedback
Literature
Harry Potter
A Song of Ice and Fire
The Hunger Games
Literary Character
Shakespeare
Book
Author
Novel
Poem
Young Adult
Children's Books
Play
Lord of the Rings
Literature
Harry Potter
A Song of Ice and Fire
The Hunger Games
Literary Character
Shakespeare
Book
Author
Novel
Poem
Young Adult
Children's Books
Play
Lord of the Rings
Random Quiz
Search Sporcle
×
Quiz Lab
Quiz Lab
Literature
battle
Type in answers that appear in a list
Type in answers that appear in a list
Classic
Best Score? Go Orange.
Participants in the Battle of Hogwarts Stats
Can you name the Participants in the Battle of Hogwarts?
By
SuperJar
15m
110 Questions
5,686 Plays
5,686 Plays
5,686 Plays
Comments
Comments
Give Quiz Kudos
Give Quiz Kudos
-
- Ratings
hide this ad
Replay
Link that replays current quiz
Next Quiz
Link to next quiz in quiz playlist
You Got
0%
They Got
Avg Score
65%
Avg Friend Score
Upgrade to see
Score Distribution
Jump to the score distribution portion of the page
Score
0/110
Timer
15:00
0
Plays Today
Allegiance
Participant
% Correct
Harry Potter
Ron Weasley
97.6%
Harry Potter
Harry Potter
97%
Harry Potter
Hermione Granger
96%
Harry Potter
Fred Weasley
95.6%
Harry Potter
George Weasley
95.5%
Harry Potter
Ginny Weasley
95%
Harry Potter
Molly Weasley
94%
Harry Potter
Bill Weasley
93.6%
Harry Potter
Arthur Weasley
93.6%
Harry Potter
Percy Weasley
92.4%
Harry Potter
Charlie Weasley
92%
Harry Potter
Remus Lupin
91.8%
Harry Potter
Neville Longbottom
91.3%
Voldemort
Draco Malfoy
90.1%
Harry Potter
Nymphadora Tonks
90%
Harry Potter
Rubeus Hagrid
89%
Voldemort
Lucius Malfoy
89%
Voldemort
Narcissa Malfoy
88.2%
Harry Potter
Severus Snape
86.7%
Harry Potter
Minerva McGonagall
85.8%
Harry Potter
Nearly Headless Nick
84.4%
Voldemort
Bellatrix Lestrange
83.9%
Harry Potter
Filius Flitwick
82.4%
Harry Potter
Seamus Finnigan
82.4%
Harry Potter
Aberforth Dumbledore
82.1%
Harry Potter
Luna Lovegood
82.1%
Harry Potter
Dean Thomas
82.1%
Voldemort
Lord Voldemort
81.3%
Harry Potter
Peeves
79.6%
Harry Potter
Albus Dumbledore
79.2%
Harry Potter
James Potter
78.9%
Harry Potter
Lily Potter
78.8%
Harry Potter
Grawp
78.8%
Harry Potter
Fleur Delacour
78.7%
Voldemort
Vincent Crabbe
78.5%
Voldemort
Gregory Goyle
78.4%
Harry Potter
Fang
77.9%
Allegiance
Participant
% Correct
Harry Potter
Pomona Sprout
77%
Harry Potter
Firenze
76.7%
Harry Potter
Kreacher
76%
Harry Potter
The Grey Lady
75.6%
Harry Potter
Sirius Black
74.9%
Voldemort
Giants
74.2%
Harry Potter
Parvati Patil
74%
Harry Potter
Cho Chang
73.6%
Harry Potter
Katie Bell
73.5%
Harry Potter
Padma Patil
73.4%
Harry Potter
Buckbeak
73.2%
Voldemort
Fenrir Greyback
72.2%
Harry Potter
Colin Creevey
72.1%
Harry Potter
Lavender Brown
70.6%
Harry Potter
Winky
69.1%
Harry Potter
Horace Slughorn
68%
Voldemort
Nagini
67.9%
Harry Potter
Phineas Nigellus Black
67.1%
Harry Potter
Kingsley Shacklebolt
67.1%
Harry Potter
Angelina Johnson
66.8%
Harry Potter
Centaurs
66.6%
Harry Potter
Augusta Longbottom
66.5%
Harry Potter
Oliver Wood
66.3%
Harry Potter
Argus Filch
66.2%
Harry Potter
Bane
65.8%
Harry Potter
Mrs Norris
64.3%
Harry Potter
Sybil Trelawney
62.8%
Voldemort
Death Eaters
62.3%
Voldemort
Amycus Carrow
62.1%
Voldemort
Alecto Carrow
61.8%
Harry Potter
Ernie Macmillan
60.4%
Harry Potter
Alicia Spinnet
60.4%
Harry Potter
Dumbledore's Army
58%
Harry Potter
House Elves
57.4%
Harry Potter
Order of the Phoenix
57.2%
Harry Potter
Hannah Abbott
56.8%
Harry Potter
Lee Jordan
54.8%
Allegiance
Participant
% Correct
Voldemort
Pansy Parkinson
54.5%
Harry Potter
Poppy Pomfrey
52.3%
Voldemort
Antonin Dolohov
52%
Harry Potter
Michael Corner
51.6%
Harry Potter
Sir Cadogan
51.5%
Voldemort
Dementors
51.3%
Voldemort
Yaxley
50.8%
Harry Potter
Mandrakes
50.3%
Harry Potter
Ronan
50%
Harry Potter
Terry Boot
48.3%
Harry Potter
Suits of Armour
47.6%
Voldemort
Acromantulae
46.2%
Harry Potter
The Headless Hunt
46%
Harry Potter
Zacharias Smith
45%
Voldemort
Augustus Rookwood
44.3%
Voldemort
Pius Thicknesse
43.7%
Harry Potter
Magorian
43.2%
Harry Potter
Hogwarts Staff and Students
43%
Voldemort
Walden Macnair
41.9%
Harry Potter
Anthony Goldstein
40%
Harry Potter
Owls
38.3%
Harry Potter
Thestrals
37.7%
Harry Potter
Enchanted Desks
37.6%
Harry Potter
Hogsmeade Residents
36.3%
Harry Potter
Statues
35.1%
Voldemort
Thorfinn Rowle
34.3%
Harry Potter
Venomous Tentacula
33.3%
Voldemort
Travers
33.2%
Harry Potter
Paintings
33.1%
Harry Potter
Sorting Hat
32.3%
Harry Potter
Families of Students
31%
Harry Potter
Gargoyles
29.7%
Harry Potter
Jimmy Peakes
28.7%
Harry Potter
Snargaluff Pods
24.9%
Harry Potter
Dexter Fortescue
23.9%
Harry Potter
Dilys Derwent
23.5%
Quiz Playlist
Details
Report
Send in Message
Add To Playlist
Classic:
Type in answers that appear in a list
Last Updated: Feb 16, 2017
Quiz Scoreboard
CHALLENGE
Sign Up to Join the Scoreboard
Show All
Scores
Hide
Comments
May contain spoilers
Recently Published
Find the 'City' Movie
by crazypaving
Movies
60s
5x2 Blitz: Bands
by SL_Kpop136
Music
30s
Colored Red Africa Blitz
by spor1
Geography
30s
More to Explore
Quiz From the Vault
Featured Blog Post
14 Easter Pick-up Lines to Find Eggs With
hide this ad
You Might Also Like...
Tags
Allegiance
battle
Hogwarts
participant
species
Today's Top Quizzes in Literature
Browse Literature
hide this ad
Today's Top Quizzes in battle
Browse battle
Top Contributed Quizzes in Literature
1
Sneaky Slytherin Logic Puzzle
2
Mini Trivia Sudoku: A Song of Ice and Fire
3
The Hunger Games Logic Puzzle: Find Katniss
4
One Thing in Common: Literature II
5
Harry Potter Clickable Logic Puzzle #4
6
A Harry Potter Logic Puzzle
7
Harry Potter Video Game Releases
8
Pick 3: Harry Potter Classmates
9
Click the Dead Men
10
Silmarillion Characters by Any 3 Letters
Explore More
Trending Topics
Disney
Anime
Harry Potter
Kpop
Crossword
NBA
Marvel
NFL
The Office
Country
Puzzle
Pokémon
Soccer
Song
WWE
hide this ad
More By:
SuperJar
Quiz
Plays
Rating
Category
Featured
Created
Coronation Street tram crash characters
9,345
4.75
Television
Dec 9, 2010
LOST deaths (Clickable)
7,929
3.82
Television
Mar 31, 2012
Participants in the Battle of Hogwarts
5,686
4.16
Literature
Oct 26, 2009
Buffy deaths (Clickable)
4,269
4.50
Television
Apr 2, 2012
Characters in both Buffy and Angel (Clickable)
3,622
4.71
Television
Apr 2, 2012
Go to Creator's Profile
Score Distribution
Quiz Creator Spotlight
SuperJar
Follow
Send a Message
Quizzes Created
-
Created Quiz Play Count
-
More By This Creator
Popular Quizzes Today
1
Colored Red Africa Blitz
2
Find the 'City' Movie
3
5x2 Blitz: Bands
4
Find the US States - No Outlines Minefield
5
The Countries of the World
6
Find the US States
7
US States
8
9x9 Crossword: Cartoon Network
More Literature Quizzes
Harry Potter Books About the Weasleys
Published
Trending Quizzes
Colored Red Europe Blitz I
Colored Red Africa Blitz II
Colored Red Europe Blitz II
Colored Red Europe Blitz III
Colored Red Africa Blitz III
Recently Updated
Famous TV Couples
Peacemaker
Champions League XIs: Real Madrid
pecheneg
Largest US Cities 1790-2010
pecheneg
Rides in Walt Disney World
pecheneg
Most Oscar Losses (Acting)
pecheneg
Beyoncé Albums
pecheneg
Leaping Animals
pecheneg
Reality TV Shows (A-Z)
bhenderson79
Rickey Henderson's Hall of Fame Teammates
pecheneg
Champions League XIs: Arsenal
pecheneg
Trending Topics
Kpop
Crossword
NBA
Disney
Anime
Harry Potter
Marvel
Puzzle
Pokémon
Country
WWE
Soccer
The Office
Song
NFL
Your Account Isn't Verified!
In order to create a playlist on Sporcle, you need to verify the email address you used during registration. Go to your
Sporcle Settings
to finish the process.
Report this User
Report this user for behavior that violates our
Community Guidelines
.
Details:
Send Report
Go to the Sporcle.com Mobile Site →
Comments